| 000 | 01292nac a22002531u 4500 | ||
|---|---|---|---|
| 010 | _a2001099577 | ||
| 020 | _a0071230173 | ||
| 020 | _a0071230173 | ||
| 035 | _a(DLC) 2001099577 | ||
| 082 | 0 | 0 |
_a330.015195 _bG969 |
| 090 |
_c1050 _d1050 |
||
| 100 | _aGujarati, Damodar N. | ||
| 245 | 1 | 0 |
_aBasic econometrics / _cDamodar N. Gujarati. |
| 250 | _a4th ed. | ||
| 260 |
_aBoston : _bMcGraw Hill, _cc2003. |
||
| 300 |
_axxix, 1002 p. : _bill. ; _c24 cm. + _e1 computer optical disc (4 3/4 in.) |
||
| 504 | _aIncludes bibliographical references (p. 979-982) and indexes. | ||
| 650 | 0 | _aEconometrics. | |
| 942 |
_cBB _k330.015195G969 |
||
| 999 |
_c1050 _d1050 |
||